000 00316pab a2200133 454500
008 180718b xxu||||| |||| 00| 0 eng d
100 _aPratap K.V.
245 _aPower sector: financing options
362 _a6 Oct 93, p.6
650 _a Power
650 _aElectricity
773 _aFinancial Express
909 _a25845
999 _c25845
_d25845